000 00337nam a2200145Ia 4500
008 150509s9999 xx 000 0 und d
082 _a335 POL
100 _aKozlov, G. A.
245 _aPolitical economy
260 _aMoscow:
260 _bProgress Publishers
260 _c1977
300 _a492p. 21cm
650 _aSocialismEconomics
999 _c5796
_d5796